Molecular Thermodynamics of Fluid-Phase equilibria

Guardat en:
Dades bibliogràfiques
Autors principals: Prausnitz, John M (Autor), Lichtenthaler, Rudiger N (Autor), Azevedo, Edmundo Gomes de (Autor)
Format: Llibre
Idioma:anglès
Publicat: Upper Saddle River Prentice Hall 1999
Edició:3a. ed
Matèries:
Etiquetes: Afegir etiqueta
Sense etiquetes, Sigues el primer a etiquetar aquest registre!

MARC

LEADER 00000cam a2200000 a 4500
001 UCC4325
003 CL-VaPUC
008 180727e19990000us |||||||||||||||||eng|d
020 |a 0139777458 
082 0 4 |a 536.7  |b PRA  |2 21 
100 0 |a Prausnitz, John M  |e author  |9 598524 
700 0 |a Lichtenthaler, Rudiger N  |e author  |9 598525 
700 0 |a Azevedo, Edmundo Gomes de  |e author  |9 598526 
245 1 0 |a Molecular Thermodynamics of Fluid-Phase equilibria 
250 |a 3a. ed 
300 |a 860 p 
942 |c BK 
945 |d 20180727 12:54:00  |a dcastane 
260 |a Upper Saddle River  |b Prentice Hall  |c 1999 
650 0 |a Termodinámica   |9 259320 
650 7 |a FASES LIQUIDAS  |2 CL-VaPUC  |9 337404 
650 7 |a FISICA MOLECULAR  |2 CL-VaPUC  |9 337405 
650 7 |a EQUILIBRIO DE FASE  |2 CL-VaPUC  |9 337406 
583 |a last modification  |c 20180727 12:54:00  |k Rodrigo Vera 
999 |c 371877  |d 371875 
952 |0 0  |1 0  |3 erb  |4 0  |6 536_700000000000000_PRA_1999  |7 0  |8 A  |9 489076  |a BIBING  |b BIBING  |i 5483743  |o 536.7 PRA 1999  |p 5483743  |r 2025-01-20  |w 2019-11-24  |y BK  |z Catalogado en:20180727  |k EIQ